000 00497nam a2200157 4500
001 124096
003 ES-MaACL
005 20230906192324.0
007 t|
008 070214s1940 sp r ||||1| spa d
100 1 _aRapallo y Orts, Ángel.
_995448
245 1 0 _aManual teórico-práctico que necesita conocer el que aspire a ser un perfecto Torrero de Faros /
_cAngel Rapallo y Orts.
260 _aMadrid :
_bReus,
_c1940.
300 _a306 p. ;
_c23 cm.
852 _aES-MaACL
_jB-9861
_bR.19628
999 _c124096
_d124096